<?xml version="1.0" encoding="UTF-8"?>
<marc:record xmlns:marc="http://www.loc.gov/MARC21/slim">
   <marc:leader>00000nam a2200000 a 4500</marc:leader>
   <marc:datafield ind1=" " ind2=" " tag="653">
      <marc:subfield code="a">Lernen/Lernhilfen</marc:subfield>
   </marc:datafield>
   <marc:datafield ind1=" " ind2=" " tag="653">
      <marc:subfield code="a">Abiturwissen/Grundschule</marc:subfield>
   </marc:datafield>
   <marc:datafield ind1="0" ind2="0" tag="245">
      <marc:subfield code="a">Einfach besser in Deutsch</marc:subfield>
   </marc:datafield>
   <marc:datafield ind1=" " ind2="1" tag="264">
      <marc:subfield code="a">Hollfeld</marc:subfield>
      <marc:subfield code="b">Manz</marc:subfield>
      <marc:subfield code="c">2008</marc:subfield>
   </marc:datafield>
   <marc:datafield ind1="1" ind2=" " tag="520">
      <marc:subfield code="a">Angaben aus der Verlagsmeldung

Einfach besser in Deutsch 3. Schuljahr : Schritt für Schritt zum Klassenziel / von Kathrin Baumhof

Schritt für Schritt zum Klassenziel

Sie möchten, dass Ihr Kind einfach besser wird?
Dieser vierfarbige Band trainiert alle wichtigen Themen aus dem Deutschunterricht des 3. Schuljahres in kleinen Einheiten. Jedes Thema wird sehr übersichtlich auf einer Doppelseite präsentiert und damit auf einen Blick erfasst: Einer kurzen Wiederholung des Grundwissens zum Thema mit Beispielen folgt eine Reihe von unterschiedlichen Übungen. Schließlich können die eigenen Kenntnisse in simulierten Tests selbstständig überprüft und anhand eines Notenschlüssels bewertet werden. Da alle Übungen und Tests mit sehr ausführlichen Lösungen ausgestattet sind, ist diese Reihe gerade auch für schwächere Schüler sehr gut verwendbar.
</marc:subfield>
   </marc:datafield>
   <marc:datafield ind1=" " ind2=" " tag="020">
      <marc:subfield code="a">9783786312109</marc:subfield>
      <marc:subfield code="9">9783786312109</marc:subfield>
   </marc:datafield>
   <marc:datafield ind1=" " ind2=" " tag="041">
      <marc:subfield code="a">ger</marc:subfield>
   </marc:datafield>
   <marc:datafield ind1=" " ind2=" " tag="300">
      <marc:subfield code="a">96 S.</marc:subfield>
   </marc:datafield>
</marc:record>
